Colorado County Seats - Statistics

General Stats
  • This quiz has been taken 50 times
  • The average score is 32 of 64
Answer Stats
County County Seat % Correct
Boulder Boulder
100%
Denver Denver
96%
El Paso Colorado Springs
92%
Pitkin Aspen
88%
Broomfield Broomfield
83%
Pueblo Pueblo
83%
Mesa Grand Junction
79%
Alamosa Alamosa
75%
Larimer Fort Collins
75%
Jefferson Golden
75%
Gunnison Gunnison
75%
Montrose Montrose
75%
Routt Steamboat Springs
75%
Eagle Eagle
71%
Weld Greeley
71%
Douglas Castle Rock
67%
La Plata Durango
67%
Garfield Glenwood Springs
63%
San Miguel Telluride
63%
Summit Breckenridge
54%
Delta Delta
54%
Morgan Fort Morgan
54%
Ouray Ouray
54%
San Juan Silverton
54%
Conejos Conejos
50%
Montezuma Cortez
50%
Moffat Craig
50%
Lake Leadville
50%
Arapahoe Littleton
50%
Logan Sterling
50%
Adams Brighton
46%
Otero La Junta
46%
Saguache Saguache
46%
Baca Springfield
46%
Las Animas Trinidad
46%
Sedgwick Julesburg
42%
Bent Las Animas
42%
Archuleta Pagosa Springs
42%
Chaffee Salida
42%
Huerfano Walsenburg
42%
Kit Carson Burlington
38%
Cheyenne Cheyenne Wells
38%
Teller Cripple Creek
38%
Park Fairplay
38%
Hinsdale Lake City
38%
Prowers Lamar
38%
Washington Akron
33%
Dolores Dove Creek
33%
Kiowa Eads
33%
Clear Creek Georgetown
33%
Elbert Kiowa
33%
Costilla San Luis
33%
Fremont Cañon City
29%
Gilpin Central City
29%
Mineral Creede
29%
Rio Blanco Meeker
29%
Yuma Wray
29%
Rio Grande Del Norte
25%
Lincoln Hugo
25%
Jackson Walden
25%
Custer Westcliffe
25%
Phillips Holyoke
21%
Grand Hot Sulphur Springs
21%
Crowley Ordway
17%
No matching quizzes found
Score Distribution
Percent of People with Each Score
Percentile by Number Answered
Your Score History
You have not taken this quiz